Study on nitrogen cycle in clone PR 107 (Record no. 69842)

MARC details
000 -LEADER
fixed length control field 00589nam a2200205Ia 4500
100 ## - MAIN ENTRY--AUTHOR NAME
Personal name Jianhua Cao
245 #0 - TITLE STATEMENT
Title Study on nitrogen cycle in clone PR 107
260 ## - PUBLICATION, DISTRIBUTION, ETC. (IMPRINT)
Name of publisher IRRDB Natural Rubber Conference 2008, 13-15 October 2008, Kuala Lumpur, Malaysia: Abstract of papers
500 ## - GENERAL NOTE
General note Source Year: 2008
650 ## - SUBJECT ADDED ENTRY--TOPICAL TERM
Topical Term Clone PR 107
650 ## - SUBJECT ADDED ENTRY--TOPICAL TERM
Topical Term Nitrogen
650 ## - SUBJECT ADDED ENTRY--TOPICAL TERM
Topical Term Nutrient cycle
700 ## - ADDED ENTRY--PERSONAL NAME
Personal name 6aGuishui Xie
700 ## - ADDED ENTRY--PERSONAL NAME
Personal name Junming Cheng
700 ## - ADDED ENTRY--PERSONAL NAME
Personal name Jusheng Jiang
700 ## - ADDED ENTRY--PERSONAL NAME
Personal name Weifu Lin
856 ## - ELECTRONIC LOCATION AND ACCESS
Uniform Resource Identifier Abst only
942 ## - ADDED ENTRY ELEMENTS (KOHA)
Koha item type Journals
Holdings
Withdrawn status Lost status Damaged status Not for loan Home library Current library Shelving location Date acquired Koha item type
      Journals RRII Library RRII Library Plant physiology 30/01/2009 Journals